Statystyki dla QUIZ 10 NAJMNIEJSZYCH KRAJÓW W EUROPIE

Kliknij tutaj aby rozwiązać quiz!

Ogólne statystyki

  • Ten quiz został rozwiązany 44 razy
    (19 od ostatniego zresetowania)
  • Średni wynik to 9 z 10

Statystyki odpowiedzi

PYTANIEODPOWIEDŹ% Poprawnych
6. 468KM2ANDORA
100%
4. 160KM2LIECHTENSTEIN
100%
7. 2586 KM2LUKSEMBURG
100%
3. 61KM2SAN MARINO
100%
1. 0,44 KM2WATYKAN
100%
2. 2 KM2MONAKO
95%
9. 13 812 KM2CZARNOGÓRA
79%
8. 10 887 KM2KOSOWO
74%
5. 316KM2MALTA
74%
10. 20 273 KM2SŁOWENIA
74%

Rozkład punktacji

Percentyl według liczby udzielonych odpowiedzi

Procent ludzi z każdym wynikiem

Twoja historia wyników

Nie rozwiązałeś tego quizu od ostatniego zresetowania